00343nam a22001337a 450000500170000000800410001704000070005804100120006508200210007710000260009824500360012426000410016065000080020120241221120613.0241221b ||||| |||| 00| 0 eng d cAL aEnglish 223a348.04bEASS a Eastern Book Company aSupreme Court Cases 1997: Vol 9 aLucknowb Eastern Book Companyc2022 aLaw